000 00256nam a22001217a 4500
008 170930b xxu||||| |||| 00| 0 eng d
041 _aeng
080 _a37
100 _a47
101 _aEDU
245 _aSUCCESS WITH WORDS
_cDAVIES, P
942 _2udc
_cBK
999 _c30915
_d30915